| 000 | 02052nam a2200397 i 4500 | ||
|---|---|---|---|
| 001 | 768714001 | ||
| 003 | CO-MdFUSB | ||
| 005 | 20260420150415.0 | ||
| 007 | ta | ||
| 008 | 241117t19842006ck bo||| |||| 001 0 spa d | ||
| 020 | _a958951670X | ||
| 040 |
_bspa. _aCO-MdFUSB _cCO-MdFUSB _dCO-MdFUSBC _erda |
||
| 041 |
_aspa _heng |
||
| 082 |
_223 _a266.0092 _bST825 |
||
| 100 |
_aStendal, Russell, _eautor |
||
| 240 | _aRescue the captors. | ||
| 245 |
_aSecuestro y reconciliación _c/ Russell Stendal ; traducido por Ramón Antonio Trillos Páez |
||
| 250 | _aSexta edición | ||
| 264 | 1 |
_aColombia : _bRansom Press, _c[2006] |
|
| 264 | 4 | _c©1984 | |
| 300 |
_a185 páginas _b: mapas, fotografías blanco y negro _c; 21 cm |
||
| 336 |
_2rdacontent _atexto _btxt |
||
| 337 |
_2rdamedia _asin mediación _bn |
||
| 338 |
_2rdacarrier _avolumen _bnc |
||
| 500 | _aIncluye índice, mapas, fotografías blanco y negro | ||
| 505 | _a¿Martín, por qué se demoró tanto? -- “…Que haya flores rojas en mi mata, cuando volvamos de la iglesia” -- ¡Empecé a orar para que Manuel no muriera! -- “Dios me ha devuelto la vida” -- Ahora tenía la oportunidad de escribir el libro a punta de ametralladora -- ¡Está bien, no hay nada entre nosotros! -- ¿Acaso estaba yo tratando de inventar una nueva técnica de sacrificar pollos? -- ¡Triunfé! Ese dulce rojo tenía veneno; ustedes morirán en cinco minutos… ahora -- De repente, me encontré con ella entre mis brazos y empecé a decirle que la amaba -- Temía que cualquier día una de nuestras peleas fuera demasiado lejos y perdiera a Marina -- Comenzaron a cantar todos ellos, dándome una serenata con vallenatos. | ||
| 563 | _aRústico | ||
| 650 | 0 |
_aBiografías cristianas _91238 |
|
| 653 | _aCristianos — Biografías | ||
| 653 | _aMisioneros — Biografías | ||
| 653 | _aSecuestro — Aspectos religiosos— Cristianismo | ||
| 653 | _aTestimonios cristianos | ||
| 700 |
_aTrillos Páez, Ramón, _98494 _etraductor |
||
| 942 | _cBK | ||
| 945 | _aCatherine Arias Alvarez | ||
| 999 |
_c71203 _d71203 |
||